000 01501cam a22003734i 4500
003 PE-LiUPU
005 20250731183335.0
020 _a9786070501029
035 _a(Sirsi) i9786070501029
040 _aPE-LiUPU
_bspa
_cPE-LiUPU
_erda
049 _aPRUA
082 0 4 _a711.2
_bB28
100 1 _aBazant S., Jan,
_eautor.
245 1 0 _aHacia un desarrollo urbano sustentable :
_bproblemas y criterios de solución /
_cJan Bazant S.
264 1 _aMéxico :
_bLimusa,
_c2012.
300 _a141 páginas :
_bilustraciones mapas, fotografías ;
_c26 centímetros
336 _atext
_2rdacontent
337 _aunmediated
_2rdamedia
338 _avolume
_2rdacarrier
504 _aIncluye bibliografía.
505 0 _aSituación hídrica de México -- Criterios de desarrollo urbano sustentable -- Propuestas de sustentabilidad en el desarrollo urbano y arquitectónico.
526 _aP158
526 _aP146
526 _aP17
526 _aP12
526 _aP06
910 _agl
_clch
_d20131219
942 _2ddc
_cBOOK
949 _a711.2 B28
_wDEWEY
_c1
_i69762
_lCCODEBUL1
_mBUL
_p22.00
_r0
_sY
_tBOOK
_u2015-7-6
_xINGENIERIA
_PP06
_0COMPRA
_o.STAFF. Colección General
994 _aC0
_bPEPRU
596 _a1
999 _a711.2 B28
_wDEWEY
_c6122
_i69762
_d6122
_e2019-4-10
_f2021-11-9
_g7
_lCCODEBUL1
_mBUL
_n3
_p22.00
_q1
_r0
_sY
_tBOOK
_u2015-7-6
_xINGENIERIA
_PP06
_0COMPRA
_o.STAFF. Colección General
980 _81
_gALBERTO SANCHEZ Responsable de Automatización